[Event "World Cup U12 Prel"]
[Site "Tornelo INT"]
[Date "2021.08.06"]
[Round "3"]
[White "Harvey, Corbin"]
[Black "Plazas, Jacob"]
[Result "1-0"]
[WhiteElo "1255"]
[BlackElo "1483"]
[PlyCount "109"]
[EventDate "2021.08.06"]
[EventType "swiss (rapid)"]
[EventRounds "10"]
[EventCountry "NET"]
[SourceTitle "EXT 2025"]
[Source "ChessBase"]
[SourceDate "2024.10.14"]
[SourceVersion "1"]
[SourceVersionDate "2024.10.14"]
[SourceQuality "1"]

1. d4 d5 2. c4 c6 3. cxd5 cxd5 4. Nf3 Nf6 5. e3 Bf5 6. Nc3 e6 7. Be2 a6 8. Nh4 Bg6 9. Nxg6 hxg6 10. a3 Bd6 11. h3 Nc6 12. Bd2 Qe7 13. Bf3 Rc8 14. Be2 0-0 15. 0-0 Rc7 16. Rc1 Rfc8 17. Bd3 Nd7 18. Qe2 b5 19. b4 Nb6 20. Na2 Nc4 21. Bxc4 dxc4 22. Nc3 Qd7 23. Rfd1 Ne7 24. e4 Nc6 25. Be3 Bf8 26. d5 Ne5 27. dxe6 Qxe6 28. Nd5 Rc6 29. Nf4 Qe8 30. Bd4 Nd3 31. Nxd3 cxd3 32. Qd2 Rxc1 33. Rxc1 Rxc1+ 34. Qxc1 Qxe4 35. Qe3 Qxe3 36. Bxe3 Bd6 37. f4 g5 38. fxg5 Be5 39. Bd2 Bb2 40. Kf2 Bxa3 41. Ke3 Bb2 42. Kxd3 Be5 43. Ke4 f6 44. gxf6 gxf6 45. Kd5 Kf7 46. Kc6 Kg6 47. Kb6 Kh5 48. Be1 f5 49. Kxa6 f4 50. Kxb5 Bf6 51. Kc4 Bh4 52. Bd2 Bf2 53. Kd5 Bg3 54. Ke4 Kg5 55. b5 1-0

[Event "South America-ch U10 16th"]
[Site "Buenos Aires"]
[Date "2019.12.05"]
[Round "8.10"]
[White "Plazas, Jacob"]
[Black "Benitez, Tiago"]
[Result "0-1"]
[WhiteElo "1451"]
[BlackElo "1174"]
[PlyCount "76"]
[EventDate "2019.12.01"]
[EventType "swiss"]
[EventRounds "9"]
[EventCountry "ARG"]
[SourceTitle "EXT 2024"]
[Source "ChessBase"]
[SourceDate "2023.10.10"]
[SourceVersion "1"]
[SourceVersionDate "2023.10.10"]
[SourceQuality "1"]

1. e4 e5 2. Nf3 Nc6 3. Bc4 Bc5 4. c3 Nf6 5. d3 0-0 6. Nbd2 d6 7. Bb3 Bg4 8. 0-0 Re8 9. h3 Bh5 10. Re1 Ne7 11. Nf1 d5 12. Qe2 dxe4 13. dxe4 Nc8 14. Ng3 Bg6 15. Be3 Bxe3 16. Qxe3 Nd6 17. Bc2 Nd5 18. exd5 Bxc2 19. Qd2 Bg6 20. Rxe5 Rxe5 21. Nxe5 Ne4 22. Nxe4 Bxe4 23. Rd1 Qd6 24. Nc4 Qg6 25. Ne3 Rd8 26. Kf1 Rxd5 27. Qc1 Rxd1+ 28. Qxd1 h6 29. Qd8+ Kh7 30. Qxc7 Qa6+ 31. Qc4 Bd3+ 32. Qxd3+ Qxd3+ 33. Kg1 Qb1+ 34. Kh2 Qxa2 35. Nd1 Qa1 36. Ne3 Qxb2 37. Nd1 Qd2 38. Ne3 Qxc3 0-1

[Event "South America-ch U10 16th"]
[Site "Buenos Aires"]
[Date "2019.12.02"]
[Round "2.6"]
[White "Plazas, Jacob"]
[Black "Urdaneta Morales, Hector Aaron"]
[Result "1-0"]
[WhiteElo "1451"]
[BlackElo "1255"]
[PlyCount "75"]
[EventDate "2019.12.01"]
[EventType "swiss"]
[EventRounds "9"]
[EventCountry "ARG"]
[SourceTitle "EXT 2024"]
[Source "ChessBase"]
[SourceDate "2023.10.10"]
[SourceVersion "1"]
[SourceVersionDate "2023.10.10"]
[SourceQuality "1"]

1. e4 e6 2. d4 d5 3. Nd2 dxe4 4. Nxe4 Bd7 5. Nf3 Bc6 6. Bd3 Nd7 7. Be3 Ngf6 8. Nxf6+ Qxf6 9. Be2 h6 10. Qd2 0-0-0 11. 0-0-0 g5 12. h3 Bg7 13. c3 Be4 14. Rhg1 Qe7 15. Nh2 Nc5 16. Qe1 Na4 17. Bd3 Bxd3 18. Rxd3 Qd6 19. Nf3 Qa6 20. Rd2 f5 21. Rd1 Qc4 22. Kb1 Rd6 23. Qf1 Qc6 24. Rc1 Qe4+ 25. Ka1 Qc6 26. Kb1 f4 27. Bd2 Nb6 28. Qe2 Nc4 29. b3 Na3+ 30. Kb2 Nb5 31. a4 Nxd4 32. cxd4 Qb6 33. a5 Bxd4+ 34. Nxd4 Qxd4+ 35. Bc3 Qd5 36. Bxh8 Qxa5 37. Bc3 Qf5 38. Be5 1-0